Studies in mathematical biology /

Guardado en:
Otros Autores: Levin, Simon A.
Formato: Libro
Idioma:English
Publicado: [Washington] : Mathematical Association of America, c1978.
Series:Studies in mathematics (Mathematical Association of America) ; v. 15-16.
Materias:
Etiquetas: Agregar Etiqueta
Sin Etiquetas, Sea el primero en etiquetar este registro!
LEADER 02562cam a2200301 a 4500
001 MAT.inmabb002875
008 800115s1978####dcua#####b####001#0#eng##
005 20130225122243.0
245 0 0 |a Studies in mathematical biology /  |c S. A. Levin, editor. 
260 |a [Washington] :  |b Mathematical Association of America,  |c c1978. 
300 |a 2 v. (xiv, 624, I20 p.) :  |b il. ;  |c 21 cm. 
490 1 |a Studies in mathematics ;  |v v. 15, 16 
504 |a Incluye referencias bibliográficas e índices. 
505 0 0 |g pt. 1. Cellular behavior and the development of pattern:  |t Integration and propagation of neuroelectric signals /  |r John Rinzel --  |t Some aspects of the 'eigenbehaviour' of neural nets /  |r Jack Cowan and G. B. Ermentrout --  |t Segmentation, schemas, and cooperative computation /  |r Michael A. Arbib --  |t Mathematical models of cellular behavior /  |r Lee A. Segel --  |t Reaction-diffusion equations and pattern formation /  |r Nancy Kopell --  |t Primary and secondary waves in developmental biology /  |r E. C. Zeeman --  |t The large scale structure and dynamics of gene control circuits : an ensemble approach /  |r Stuart Kauffman  |g [J. Theoret. Biol. 44 (1974), 167-190] --  |t Patterns of phase compromise in biological cycles /  |r Arthur T. Winfree  |g [J. Math. Biol. 1 (1974/75), no. 1, 73-95] --  |t Isochrons and phaseless sets /  |r J. Guckenheimer  |g [ibid. 1(1974/75), no. 3, 259-273] 
505 0 0 |g pt. 2. Populations and communities:  |t Mathematical aspects of the dynamics of animal populations /  |r Robert M. May --  |t Comparison of some deterministic and stochastic population theories /  |r Donald Ludwig --  |t Age-structured equations in the theory of cell populations /  |r S. I. Rubinow --  |t The dynamics of nonlinear models with age structure /  |r George F. Oster --  |t Population models and community structure in heterogeneous environments /  |r Simon A. Levin --  |t The neutralist-selectionist controversy /  |r W. J. Ewens --  |t Theoretical aspects of multi-locus selection balance. I /  |r Samuel Karlin --  |t The geographical structure of populations /  |r Thomas Nagylaki. 
510 4 |a MR,  |c 80m:92005  |3 (pt. 1) 
510 4 |a MR,  |c 80m:92006  |3 (pt. 2) 
020 |a 0883851156 (pt. 1) 
020 |a 0883851164 (pt. 2) 
700 1 |a Levin, Simon A. 
830 0 |a Studies in mathematics (Mathematical Association of America) ;  |v v. 15-16. 
650 0 |a Biomathematics. 
650 0 |a Biology  |x Mathematical models. 
084 |a 92-06  |2 msc2000 
010 |a  78053425  
040 |a DLC  |c DLC  |d DLC 
859 |h 92  |i St933  |p A-5465  |v 1  |3 Part 1  |b BIB. MATEMATICA 
859 |h 92  |i St933  |p A-5466  |v 2  |3 Part 2  |b BIB. MATEMATICA